Flags of the Provinces of Belgium - Statistics

General Stats
  • This quiz has been taken 97 times
  • The average score is 8 of 11
Answer Stats
Picture Answer % Correct
Brussels
87%
Antwerp
78%
Liège
72%
Luxembourg
71%
East Flanders
70%
Limburg
70%
Namur
70%
Walloon Brabant
68%
West Flanders
68%
Flemish Brabant
64%
Hainaut
59%
No matching quizzes found
Score Distribution
Percent of People with Each Score
Percentile by Number Answered
Your Score History
You have not taken this quiz